| 000 | 00474nam a2200181Ia 4500 | ||
|---|---|---|---|
| 001 | 45521 | ||
| 008 | 140428s9999 xx 000 0 und d | ||
| 020 | _aNA | ||
| 040 | _cPK-LaUMT | ||
| 082 |
_aRHC 891.4394 _bFAR-M |
||
| 100 | _aFarhat Allah Bag, Mirza | ||
| 245 |
_aMazaameen Farhat (Urdu) _cFarhat Allah Bag, Mirza |
||
| 260 |
_aKanpur,India: _bHaleem Degree College, _c1985 |
||
| 300 | _a224 p. | ||
| 546 | _aUR | ||
| 650 | _aPakistani literature-Urdu | ||
| 942 | _cBK | ||
| 999 |
_c43489 _d43489 |
||